Online Catalogue and eLibrary

Poverty, Gender and Reproductive Choice: (Record no. 1425)

MARC details
000 -LEADER
fixed length control field 00645nam a2200217Ia 4500
005 - DATE AND TIME OF LATEST TRANSACTION
control field 20250213010625.0
008 - FIXED-LENGTH DATA ELEMENTS--GENERAL INFORMATION
fixed length control field 240331s9999 xx 000 0 und d
020 ## - INTERNATIONAL STANDARD BOOK NUMBER
ISBN 8173041067
082 ## - DDC Classification
Item Number - Author Mark MUK
DDC Edition Number 2713
Class No. 304.63
100 ## - MAIN ENTRY--PERSONAL NAME
Personal name Mukhopadhyay, S
100 ## - MAIN ENTRY--PERSONAL NAME
Personal name Savithri, R
245 #0 - TITLE STATEMENT
Title Poverty, Gender and Reproductive Choice:
Remainder of title An Analysis of Linkages
260 ## - PUBLICATION, DISTRIBUTION, ETC.
Place of publication, distribution, etc. New Delhi
Name of publisher, distributor, etc. Manohar Publishers & Distributors;
-- Institute of Social Studies Trust
Date of publication, distribution, etc. 1998
300 ## - PHYSICAL DESCRIPTION
Extent (e.g. Volumes, Pages etc.) 126 p.,
650 ## - SUBJECT ADDED ENTRY--TOPICAL TERM
Topical term or geographic name entry element Gender Inequality
650 ## - SUBJECT ADDED ENTRY--TOPICAL TERM
Topical term or geographic name entry element Economic Development
650 ## - SUBJECT ADDED ENTRY--TOPICAL TERM
Topical term or geographic name entry element Poverty
650 ## - SUBJECT ADDED ENTRY--TOPICAL TERM
Topical term or geographic name entry element Reproductive Choice
650 ## - SUBJECT ADDED ENTRY--TOPICAL TERM
Topical term or geographic name entry element Women's Health
942 ## - Koha item type (Biblio)
Koha item type Books in Stacks (Lending)
Holdings
Lost status Damaged status Collection code Home library Current library Shelving location Date acquired Full call number Accession Number Item type
    Lending WERC Library WERC Library Social Science Cupboard 03/31/2024 304.63 Muk 2713 Books in Stacks (Lending)

© WERC Library